000 01316cam a22003614a 4500
001 14248584
005 20250707105144.0
008 060131s2007 nyua 001 0 eng
010 _a 2006041092
020 _a9780072975277
_qalk. paper
020 _a007297527X
_qalk. paper
035 _a14248584
040 _aDLC
_cDLC
_dDLC
042 _apcc
050 0 0 _aTK7816
_b.M25 2007
082 0 0 _a621.381
_bMAL
100 1 _aMalvino, Albert Paul.
_956026
245 1 0 _aElectronic principles /
_cAlbert Paul Malvino, David J. Bates.
260 _aDubuque, IA :
_bMcGraw-Hill/Higher Education,
_cc2008.
300 _axix, 1116 p. :
_bill. (chiefly col.) ;
_c29 cm.
_e+ 1 CD-ROM (4 3/4 in.)
336 _atext
_btxt
_2rdacontent
337 _aunmediated
_bn
_2rdamedia
338 _avolume
_bnc
_2rdacarrier
500 _aRev. ed. of: Malvino electronic principles. 6th ed. c1999.
500 _aIncludes index.
650 0 _aElectronics.
700 1 _aBates, David J.
_9129434
700 1 _aMalvino, Albert Paul.
_tMalvino electronic principles.
_9129435
906 _a7
_bcbc
_corignew
_d1
_eocip
_f20
_gy-gencatlg
942 _2ddc
_cBK
999 _c614121
_d614121